Guess the College Basketball Player by picture - 2016 - Statistics

General Stats
  • This quiz has been taken 22 times
  • The average score is 7 of 16
Answer Stats
Picture Answer % Correct
Jarrett Allen
94%
Lauri Markkanen
88%
Derrick White
75%
Malik Monk
75%
Markelle Fultz
75%
Dennis Smith Jr
63%
Jonathan Isaac
63%
Josh Jackson
56%
Justin Jackson
50%
Zach Collins
31%
Caleb Swanigan
19%
Tony Bradley
19%
Harry Giles
13%
DJ Wilson
6%
Justin Patton
6%
TJ Leaf
6%
No matching quizzes found
Score Distribution
Percent of People with Each Score
Percentile by Number Answered
Your Score History
You have not taken this quiz